000 00711nam a2200229Ii 4500
003 JO-AjNU
008 230605s9999||||xx |||||||||||||| ||und||
017 _a1986/881
040 _aJO-AjNU
_bara
_erda
_cJO-AjNU
041 _aara
050 1 4 _aPJ7541.M3764 1986
100 3 _aالمطلبي، عبد الجبار,
_eauthor
_915485
245 0 0 _aالشعراء نقادا
250 _aط1
264 3 1 _aبغداد: دار الشؤون الثقافية، 1986
300 _a256ص
336 _atext
_btxt
_2rdacontent
337 _aunmediated
_bn
_2rdamedia
338 _avolume
_bnc
_2rdacarrier
490 0 _aسلسلة كتب شعرية
650 4 _aالشعر العربي - تحليل ونقد
_915486
999 _aA4385
_c7953
_d7953